Loading...
| Mythology | 0 | 7 | 0 | 2 | 70 | 23 | 70.29 | 4 | 4 | 0.00 | 0.00 |
| Science - Biology | 0 | 6 | 1 | 0 | 55 | 23 | 63.83 | 6 | 6 | 0.00 | 0.00 |
| Science - Chemistry | 0 | 5 | 1 | 0 | 45 | 41 | 53.00 | 3 | 5 | 0.00 | 0.00 |
| Literature - World/Other | 0 | 4 | 0 | 0 | 40 | 66 | 84.00 | 2 | 4 | 0.00 | 0.00 |
| Religion | 0 | 4 | 0 | 0 | 40 | 37 | 70.25 | 3 | 4 | 0.00 | 0.00 |
| History - Other | 0 | 3 | 1 | 1 | 25 | 17 | 34.00 | 3 | 3 | 0.00 | 0.00 |
| Science - Physics | 0 | 3 | 2 | 0 | 20 | 45 | 58.67 | 0 | 3 | 0.00 | 0.00 |
| Literature - American | 0 | 2 | 0 | 0 | 20 | 57 | 86.00 | 2 | 2 | 0.00 | 0.00 |
| Science - Other | 0 | 4 | 4 | 0 | 20 | 38 | 53.50 | 1 | 4 | 0.00 | 0.00 |
| History - World | 0 | 1 | 0 | 0 | 10 | 26 | 26.00 | 1 | 1 | 0.00 | 0.00 |
| Other Academic | 0 | 1 | 0 | 0 | 10 | 78 | 78.00 | 1 | 1 | 0.00 | 0.00 |
| Literature - British | 0 | 1 | 1 | 0 | 5 | 32 | 32.00 | 1 | 1 | 0.00 | 0.00 |
| Literature - European | 0 | 1 | 1 | 0 | 5 | 51 | 51.00 | 0 | 1 | 0.00 | 0.00 |
| History - European | 0 | 0 | 1 | 0 | -5 | 0.00 | 0 | 0 | 0.00 | 0.00 | |
| Geography/Current Events | 0 | 0 | 1 | 0 | -5 | 0.00 | 0 | 0 | 0.00 | 0.00 | |
| Pop Culture | 0 | 0 | 1 | 0 | -5 | 0.00 | 0 | 0 | 0.00 | 0.00 |